10 Least Racist European Countries - Statistics

General Stats
  • This quiz has been taken 900 times
    401 since last reset
  • The average score is 6 of 10
Answer Stats
IAT Scores Country % Correct
0.355 Sweden
88%
0.348 United Kingdom
88%
0.349 Norway
84%
0.347 Ireland
74%
0.356 Belgium
66%
0.349 Austria
59%
0.302 Slovenia
48%
0.346 Croatia
47%
0.298 Serbia
45%
0.335 Bosnia and Herzegovina
42%
No matching quizzes found
Score Distribution
Percent of People with Each Score
Percentile by Number Answered
Your Score History
You have not taken this quiz since the last reset